|
|
|
|
| LEADER |
00000nas a2200000 a 4500 |
| 001 |
ssj0003688 |
| 003 |
WaSeSS |
| 005 |
20200512172242.0 |
| 006 |
m d |
| 007 |
cr n |
| 008 |
010123c19969999maumr pss 0 a0eng c |
| 010 |
|
|
|a 2008201939
|
| 022 |
|
|
|a 1943-5126
|l 1089-1102
|y 1089-1102
|
| 035 |
|
|
|a (WaSeSS)ssj0003688
|
| 037 |
|
|
|b Harvard Medical School, Health Publications Group, 25 Shattuck Street, Boston, MA 02115
|
| 040 |
|
|
|a MMU
|b eng
|c MMU
|d OCLCQ
|d DLC
|d OCLCQ
|d OCLCF
|d COO
|d OCLCO
|d VT2
|d OCLCQ
|d MOW
|d AU@
|d WYU
|d OCLCO
|d AUD
|d OCLCA
|d WaSeSS
|
| 042 |
|
|
|a pcc
|a nsdp
|
| 050 |
1 |
4 |
|a RA777.8
|
| 060 |
0 |
0 |
|a W1
|b HA636V
|
| 082 |
1 |
0 |
|a 613
|2 14
|
| 130 |
0 |
|
|a Harvard men's health watch (Online)
|
| 210 |
0 |
|
|a Harv. men's health watch
|b (Online)
|
| 222 |
|
0 |
|a Harvard men's health watch
|b (Online)
|
| 245 |
1 |
0 |
|a Harvard men's health watch
|h [electronic resource].
|
| 260 |
|
|
|a Boston, MA :
|b Harvard Medical School Health Publications,
|c ©1996-
|
| 362 |
1 |
|
|a Print began with vol. 1, no. 1 (Aug. 1996).
|
| 500 |
|
|
|a Title from journal home page (viewed Jan. 16, 2001).
|
| 506 |
|
|
|a License restrictions may limit access.
|
| 538 |
|
|
|a Mode of access: World Wide Web.
|
| 650 |
|
0 |
|a Men
|x Health and hygiene
|v Periodicals.
|
| 650 |
|
7 |
|a Men
|x Health and hygiene.
|2 fast
|0 (OCoLC)fst01016002
|
| 650 |
|
2 |
|a Health.
|
| 650 |
|
2 |
|a Men.
|
| 655 |
|
0 |
|a Electronic journals.
|
| 710 |
2 |
|
|a Harvard Medical School.
|b Health Publications Group.
|
| 776 |
1 |
|
|t Harvard men's health watch
|x 1089-1102
|w (DLC)sn 96000395
|w (OCoLC)34884523
|
| 856 |
4 |
0 |
|z Full text available from Research Library: 01/01/2007 to present
|u https://search.proquest.com/publication/2026470
|